000 00563nam a2200217Ia 4500
003 OSt
005 20220928145711.0
006 a|||||r|||| 00| 0
007 ta
008 220927b |||||||| |||| 00| 0 eng d
024 _a82141
037 _cTextual
040 _aSDCL
_cSDCL
_beng
041 _2eng
_aeng
082 _aO142,3M21,2, 111J8.1-.2
100 _aDostoyevsky Fyodor
245 0 _aBrothers Karamazon.2V.
260 _c1958
942 _hO142,3M21,2, 111J8.1-.2
_cTEXL
_2CC
999 _c834916
_d834916